000 00606nam a22002177a 4500
003 OSt
005 20240530100712.0
008 240530s2022 ag ||||| |||| 00| 0 spa d
020 _a9789504970309
040 _cbesoc
100 1 _aFreijo, María Florencia,
_d1987-,
_eautor
245 1 0 _a(Mal) educadas /
_cMaría Florencia Freijo.
250 _a1a ed.
260 _aBuenos Aires :
_bPlaneta,
_c2022
300 _a272 p.
490 0 _aBiblioteca centenario YPF ;
_v7
650 4 _aMujeres
_xEducación
_xHistoria
650 4 _aEstudios de género
650 4 _aDiscriminación sexual
942 _2udc
_cOG
_n0
999 _c261
_d261